000 00646nam a2200241Ia 4500
003 OSt
005 20221007074821.0
006 a|||||r|||| 00| 0
007 ta
008 221006b |||||||| |||| 00| 0 eng d
024 _a44,449
037 _cAnnuals, Advances
040 _aFLL
_cFLL
_beng
041 _2eng
_aeng
082 _aZ,91, N4
100 _aDIAS R.W.M.
_9152973
245 0 _aJurisprudence
250 _a5th
260 _aNew Delhi
_bAditya book ltd. India
_c1994
500 _aReplacement copy 5th ed. 2013, reprint 2014
942 _hZ,91, N4
_cREF
_2CC
999 _c1153782
_d1153782